A küldetés helyes, a pénzhiány káros auditálták az egyetemet /
Elmentve itt :
| Szerző: | |
|---|---|
| Dokumentumtípus: | Cikk |
| Megjelent: |
1997-02-06
|
| Sorozat: | Délmagyarország
87 No. 31 |
| Kulcsszavak: | József Attila Tudományegyetem (Szeged), Szeged, Felsőoktatás egyetem Szeged |
| Online Access: | http://dmarchiv.bibl.u-szeged.hu/83011 |
| LEADER | 00562nab a2200157 i 4500 | ||
|---|---|---|---|
| 001 | delm83011 | ||
| 005 | 20191018135703.0 | ||
| 008 | 191018s1997 hu o 0|| hun d | ||
| 040 | |a SZTE Délmagyarország Archívum |b hun | ||
| 041 | |a hun | ||
| 100 | 1 | |a Keczer Gabriella | |
| 245 | 1 | 2 | |a A küldetés helyes, a pénzhiány káros |h [elektronikus dokumentum] : |b auditálták az egyetemet / |c Keczer Gabriella |
| 260 | |c 1997-02-06 | ||
| 300 | |a 1, 5 | ||
| 490 | 0 | |a Délmagyarország |v 87 No. 31 | |
| 695 | |a József Attila Tudományegyetem (Szeged), Szeged, Felsőoktatás egyetem Szeged | ||